000
00276nam a22001217a 4500
040
_c
SY
082
_a
333
100
_a
MEAS SOPHY; មាស សុទ្ធី
245
_a
ជីវិតសត្វព្រៃ
260
_a
RUA
_b
MEA
_c
1995
300
_a
58p.
942
_c
KB
999
_c
9406
_d
9406